000 00538nam a2200217Ia 4500
003 OSt
005 20220928141306.0
006 a|||||r|||| 00| 0
007 ta
008 220927b |||||||| |||| 00| 0 eng d
024 _a14290
037 _cTextual
040 _aSDCL
_cSDCL
_beng
041 _2eng
_aeng
082 _aO-,N2:g, L7
100 _aGarvin Harry R Ed.
_9499545
245 0 _aLiterature and History.
260 _c1977
942 _hO-,N2:g, L7
_cTEXL
_2CC
999 _c816699
_d816699